• 首页
  • 本馆介绍
  • 公告通知
  • 最新文献
  • 馆藏检索
  • 电子资源
  • 读者导购
  • 参考咨询
  • 我的图书馆
  • 登录
  • 详细信息显示
  • 放入我的书架
  • 预约/预借图书
  • 作者相关作品
  • 分类相关作品
  • 丛书相关作品
  • 出版社相关作品

书目信息

  • 表格格式
  • 工作单格式
  • 卡片格式
题名:
咽炎与扁桃体炎
    
 
作者: 朱祥成 著
分册:  
出版信息: 北京   人民卫生出版社  1983
页数: 100页
开本: 19cm
丛书名:
单 册:
中图分类: R276.1
科图分类:
主题词:
电子资源:
ISBN:
000 00491nam0 2200181 45
001 0181013075
005 20060413142758.65
010    @dCNY0.29
091    @a14048.4474
100    @a20810111d1983 km y0chiy0120 ea
101 0  @achi
200 1  @a咽炎与扁桃体炎@Ayan yanyu bian tao ti yan@f朱祥成著@Fzhu xiang cheng
210    @a北京@c人民卫生出版社@d1983
215    @a100页@d19cm
690    @aR276.1@v4
701 0  @a朱祥成@Azhu xiang cheng@4著
801    @aCN@bTSTC@c20060413
905    @dR276.1@e15
    
    咽炎与扁桃体炎/朱祥成著.-北京:人民卫生出版社,1983
    100页;19cm
    
    
    ISBN :CNY0.29
    
●
相关链接 在E读中查询图书 在五车中查询图书 在当当中查询图书 在豆瓣中查询图书


正题名:咽炎与扁桃体炎     索取号:R276.1/15         预约/预借

序号 登录号 条形码 馆藏地/架位号 状态 备注
1 0098574   000711518   密集书库/ [索取号:R276.1/15] 在馆    
2 0098575   000711705   密集书库/ [索取号:R276.1/15] 在馆    
3 0098576   000711698   密集书库/ [索取号:R276.1/15] 在馆    
唐山师范学院图书馆 欢迎您!
大连网信软件有限公司© 版权所有